000 00797nam a22001937a 4500
999 _c371282
_d371282
008 201127b ||||| |||| 00| 0 eng d
040 _aDE-2950
_bger
_cDE-2950
_erda
041 _ager
245 _aFrohe Botschaft aus der Doppelstadt.
_bSt. Marien: Am Heiligabend läuten über die Oder hinweg eine Viertelstunde lang die Glocken aller Kirchen in Frankfurt und Slubice. Im nächsten Jahr sollen sie noch drei Schwestern bekommen /
_cInes Weber-Rath
264 _c2021
653 _aFrankfurt (Oder)
653 _aWeihnachten
653 _aKirchen
773 _dFrankfurt (Oder) Märkisches Verlags- und Druckhaus GmbH & Co KG
_tMärkische Oderzeitung
_g32. Jahrgang (2021) Nr. 301 vom 24.12.2021, S. 17
942 _cA